Slovensko na začátku roku 2000: Zoufale málo dlouhodobého zahraničního kapitálu a bezedná potřeba veřejných financií

Deficit bežného účtu SR v rokoch 1996-1998 presahoval 10 percent HDP. Tieto deficity boli kryté dlhovým kapitálom a nie priamymi zahraničnými investíciami (PZI). Dôvody neuspokojivého vývoja PZI. Akcelerácia prílivu PZI v roku 2000. Riziká štátneho rozpočtu na rok 2000.

Salvato in:
Dettagli Bibliografici
Autore principale: Dufek, Petr
Natura: Capitolo di libro
Lingua:ceco
Soggetti:
Tags: Aggiungi Tag
Nessun Tag, puoi essere il primo ad aggiungerne!!

MARC

LEADER 00000naa a2200000 4500
001 r037487
005 20231003114038.5
041 0 |a cze 
044 |a CZ 
245 1 0 |a Slovensko na začátku roku 2000: Zoufale málo dlouhodobého zahraničního kapitálu a bezedná potřeba veřejných financií  |c Petr Dufek 
520 |a Deficit bežného účtu SR v rokoch 1996-1998 presahoval 10 percent HDP. Tieto deficity boli kryté dlhovým kapitálom a nie priamymi zahraničnými investíciami (PZI). Dôvody neuspokojivého vývoja PZI. Akcelerácia prílivu PZI v roku 2000. Riziká štátneho rozpočtu na rok 2000. 
610 2 0 |a investície priame zahraničné 
610 2 0 |a Slovensko 
610 2 0 |a bilancia platobná 
610 2 0 |a rozpočet štátny 
100 1 |a Dufek, Petr